[Event "Tres Cantos op 11th"]
[Site "Tres Cantos"]
[Date "2019.06.27"]
[Round "6"]
[White "Roa Alonso, Santiago"]
[Black "Campos Palacios, Daniel"]
[Result "1/2-1/2"]
[WhiteElo "2367"]
[BlackElo "1972"]
[PlyCount "64"]
[EventDate "2019.06.22"]
[EventType "swiss"]
[EventRounds "9"]
[EventCountry "ESP"]
[SourceTitle "CBM 195 Extra"]
[Source "ChessBase"]
[SourceDate "2020.05.31"]
[SourceVersion "1"]
[SourceVersionDate "2020.05.31"]
[SourceQuality "1"]

1. e4 d6 2. d4 Nf6 3. Nc3 g6 4. f3 Bg7 5. Be3 0-0 6. Qd2 e5 7. Nge2 exd4 8. Nxd4 d5 9. 0-0-0 dxe4 10. Bh6 Bxh6 11. Qxh6 Qe7 12. fxe4 Ng4 13. Qf4 c6 14. h3 Ne5 15. Be2 Nbd7 16. Rhf1 Nb6 17. Nf3 f6 18. Rd4 Nxf3 19. Bxf3 Be6 20. e5 Nd7 21. exf6 Nxf6 22. Qe5 Rae8 23. Qa5 a6 24. Re1 Qf7 25. Red1 Qe7 26. Kb1 Rc8 27. Rd6 Bd5 28. Bxd5+ Nxd5 29. Qc5 Nxc3+ 30. bxc3 Rc7 31. Qc4+ Qf7 32. Qd3 Re7 1/2-1/2

[Event "Tres Cantos op 10th"]
[Site "Tres Cantos"]
[Date "2018.06.22"]
[Round "2.6"]
[White "Marcos Herrero, Francisco"]
[Black "Roa Alonso, Santiago"]
[Result "0-1"]
[WhiteElo "1907"]
[BlackElo "2355"]
[PlyCount "80"]
[EventDate "2018.06.21"]
[EventType "swiss"]
[EventRounds "9"]
[EventCountry "ESP"]
[SourceTitle "EXT 2024"]
[Source "ChessBase"]
[SourceDate "2023.10.10"]
[SourceVersion "1"]
[SourceVersionDate "2023.10.10"]
[SourceQuality "1"]

1. d4 Nf6 2. c4 e6 3. g3 d5 4. Nf3 Bb4+ 5. Bd2 Be7 6. Bg2 0-0 7. 0-0 c6 8. Qc2 b6 9. b3 Bb7 10. Nc3 Na6 11. Rac1 Rc8 12. Rfd1 Ba3 13. Ra1 Nb4 14. Qb1 Ba6 15. Ne5 Nd7 16. Bc1 Bxc1 17. Qxc1 Nxe5 18. dxe5 Bb7 19. Ne4 Qe7 20. Nd6 Rc7 21. Nxb7 Rxb7 22. e4 dxc4 23. Qxc4 c5 24. Rd6 Rc7 25. f4 Nc6 26. Rc1 Rd8 27. Rcd1 Nd4 28. Rxd8+ Qxd8 29. f5 Rd7 30. Kf2 Qc7 31. fxe6 fxe6 32. Bh3 Re7 33. Rxd4 cxd4 34. Bxe6+ Kf8 35. Qd5 Re8 36. Bd7 Rxe5 37. Qxd4 Qc5 38. Ke3 Ke7 39. Bc6 Qxd4+ 40. Kxd4 Rc5 0-1

[Event "Tres Cantos op 10th"]
[Site "Tres Cantos"]
[Date "2018.06.21"]
[Round "1.7"]
[White "Roa Alonso, Santiago"]
[Black "Fernandez Rios, Jose Francisco"]
[Result "1-0"]
[WhiteElo "2355"]
[BlackElo "1741"]
[PlyCount "67"]
[EventDate "2018.06.21"]
[EventType "swiss"]
[EventRounds "9"]
[EventCountry "ESP"]
[SourceTitle "EXT 2024"]
[Source "ChessBase"]
[SourceDate "2023.10.10"]
[SourceVersion "1"]
[SourceVersionDate "2023.10.10"]
[SourceQuality "1"]

1. e4 c5 2. Nf3 g6 3. c3 d5 4. exd5 Qxd5 5. Na3 Bg7 6. d4 Nf6 7. Bc4 Qe4+ 8. Be3 0-0 9. dxc5 Ng4 10. Qd5 Qxd5 11. Bxd5 Nxe3 12. fxe3 e6 13. Be4 f5 14. Bc2 Nd7 15. Nc4 Nxc5 16. 0-0-0 b5 17. Na5 Rb8 18. h4 Bb7 19. h5 Be4 20. hxg6 hxg6 21. Rd6 Rfd8 22. Rxd8+ Rxd8 23. Nd4 b4 24. Bxe4 Nxe4 25. Nac6 Rd6 26. Nxb4 a5 27. Nbc2 e5 28. Nf3 Nf2 29. Rf1 Nd3+ 30. Kb1 Rb6 31. b3 Kf7 32. e4 Ke6 33. Ne3 fxe4 34. Ng5+ 1-0

[Event "Madrid-ch final"]
[Site "Madrid"]
[Date "2018.05.31"]
[Round "6"]
[White "Roa Alonso, Santiago"]
[Black "Espinosa Aranda, Angel"]
[Result "1/2-1/2"]
[WhiteElo "2355"]
[BlackElo "2465"]
[PlyCount "45"]
[EventDate "2018.05.26"]
[EventType "swiss"]
[EventRounds "7"]
[EventCountry "ESP"]
[SourceTitle "CBM 184 Extra"]
[Source "ChessBase"]
[SourceDate "2018.06.28"]
[SourceVersion "1"]
[SourceVersionDate "2018.06.28"]
[SourceQuality "1"]

1. e4 c5 2. Nf3 Nc6 3. d4 cxd4 4. Nxd4 g6 5. Nc3 Bg7 6. Nb3 d6 7. Be2 Nf6 8. 0-0 0-0 9. Re1 Be6 10. Bg5 Rc8 11. Bf1 h6 12. Bh4 Nd7 13. Rb1 Nb6 14. Nd5 f5 15. Nxb6 Qxb6 16. exf5 Bxf5 17. Bc4+ Kh7 18. Be6 Rce8 19. Bxf5 Rxf5 20. c3 Bf6 21. Bg3 h5 22. Re4 Rf8 23. Qe2 1/2-1/2

[Event "San Sebastian de los Reyes op 19th"]
[Site "San Sebastian"]
[Date "2017.12.03"]
[Round "2"]
[White "Bartolome Martin, Angel"]
[Black "Roa Alonso, Santiago"]
[Result "1/2-1/2"]
[WhiteElo "1936"]
[BlackElo "2354"]
[PlyCount "43"]
[EventDate "2017.12.02"]
[EventType "swiss"]
[EventRounds "9"]
[EventCountry "ESP"]
[SourceTitle "CBM 182 Extra"]
[Source "ChessBase"]
[SourceDate "2018.02.23"]
[SourceVersion "1"]
[SourceVersionDate "2018.02.23"]
[SourceQuality "1"]

1. d4 Nf6 2. Bg5 Ne4 3. Bf4 d6 4. f3 Nf6 5. Nc3 g6 6. Qd2 c6 7. e4 Nbd7 8. 0-0-0 Qa5 9. Bc4 e5 10. Be3 Qc7 11. Nh3 Nb6 12. Bb3 Bxh3 13. gxh3 Nbd7 14. f4 Bh6 15. fxe5 Bxe3 16. Qxe3 dxe5 17. Rhf1 0-0 18. Qg5 Kg7 19. dxe5 Qxe5 20. Rf5 h6 21. Qg1 Qe7 22. Rdf1 1/2-1/2

[Event "Madrid Chamartin op 6th"]
[Site "Madrid"]
[Date "2017.09.07"]
[Round "5"]
[White "Mkrtchyan, Levon"]
[Black "Roa Alonso, Santiago"]
[Result "1/2-1/2"]
[WhiteElo "1964"]
[BlackElo "2356"]
[PlyCount "94"]
[EventDate "2017.09.04"]
[EventType "swiss"]
[EventRounds "9"]
[EventCountry "ESP"]
[SourceTitle "CBM 180 Extra"]
[Source "ChessBase"]
[SourceDate "2017.10.06"]
[SourceVersion "1"]
[SourceVersionDate "2017.10.06"]
[SourceQuality "1"]

1. e4 g6 2. d4 Bg7 3. Ne2 d6 4. Nbc3 Nf6 5. g3 c5 6. Bg2 cxd4 7. Nxd4 0-0 8. 0-0 Bg4 9. Qd3 Nbd7 10. f3 Nc5 11. Qd1 Bd7 12. Be3 Qb8 13. Nb3 Na4 14. Nxa4 Bxa4 15. Qd2 Qc7 16. c3 Rfd8 17. f4 Ng4 18. Bf2 e5 19. h3 Nxf2 20. Qxf2 exf4 21. gxf4 b5 22. Rac1 Bxb3 23. axb3 a5 24. Rfd1 Rab8 25. Rd5 b4 26. c4 Bf6 27. Rcd1 Ra8 28. Qd2 Kg7 29. Kh2 Be7 30. e5 dxe5 31. Rd7 Rxd7 32. Qxd7 Ra7 33. Qxc7 Rxc7 34. fxe5 Rc5 35. Bd5 Rc7 36. e6 fxe6 37. Bxe6 Bf6 38. Rd7+ Rxd7 39. Bxd7 Bxb2 40. Kg2 Kf6 41. Kf3 Ke5 42. Be8 Bd4 43. Bb5 Bc5 44. Bc6 g5 45. Be8 h6 46. Bc6 h5 47. Be8 h4 1/2-1/2

[Event "Madrid Chamartin op 6th"]
[Site "Madrid"]
[Date "2017.09.06"]
[Round "4"]
[White "Roa Alonso, Santiago"]
[Black "Callejo Hernanz, Jesus Maria"]
[Result "1-0"]
[WhiteElo "2356"]
[BlackElo "1820"]
[PlyCount "69"]
[EventDate "2017.09.04"]
[EventType "swiss"]
[EventRounds "9"]
[EventCountry "ESP"]
[SourceTitle "CBM 180 Extra"]
[Source "ChessBase"]
[SourceDate "2017.10.06"]
[SourceVersion "1"]
[SourceVersionDate "2017.10.06"]
[SourceQuality "1"]

1. e4 e6 2. d4 d5 3. Nc3 Nf6 4. e5 Nfd7 5. f4 c5 6. Nf3 Nc6 7. Be3 cxd4 8. Nxd4 Bc5 9. Qd2 0-0 10. 0-0-0 a6 11. h4 Nxd4 12. Bxd4 b5 13. h5 Bb7 14. Ne2 Rc8 15. Kb1 Qc7 16. Bxc5 Nxc5 17. Nd4 Ne4 18. Qe3 Qe7 19. Bd3 f6 20. Nf3 Qb4 21. exf6 Rxf6 22. Ka1 Nd6 23. Ng5 Nc4 24. Bxh7+ Kh8 25. Qc1 Rxf4 26. h6 Rf2 27. hxg7+ Kxg7 28. Nxe6+ Kf7 29. Rdf1 Rxf1 30. Rxf1+ Ke8 31. c3 Qe7 32. Bg6+ Kd7 33. Rf7 Kxe6 34. Qe1+ Ne5 35. Rxe7+ 1-0

[Event "Tres Cantos op 9th"]
[Site "Tres Cantos"]
[Date "2017.06.24"]
[Round "3"]
[White "Lopez de Turiso, Jose Angel"]
[Black "Roa Alonso, Santiago"]
[Result "0-1"]
[WhiteElo "2061"]
[BlackElo "2340"]
[PlyCount "62"]
[EventDate "2017.06.22"]
[EventType "swiss"]
[EventRounds "9"]
[EventCountry "ESP"]
[SourceTitle "EXT 2019"]
[Source "ChessBase"]
[SourceDate "2018.10.10"]
[SourceVersion "1"]
[SourceVersionDate "2018.10.10"]
[SourceQuality "1"]

1. Nc3 d5 2. e4 d4 3. Nce2 e5 4. Ng3 Be6 5. Nf3 f6 6. Bb5+ c6 7. Ba4 Nh6 8. Bb3 Qd7 9. 0-0 g6 10. d3 Bg7 11. c3 c5 12. Bxe6 Qxe6 13. b4 dxc3 14. bxc5 Nc6 15. Qc2 Nd4 16. Qxc3 Nxf3+ 17. gxf3 Nf7 18. d4 exd4 19. Qxd4 Ne5 20. Kg2 Rd8 21. Qa4+ Nc6 22. Be3 0-0 23. f4 f5 24. exf5 Qd5+ 25. Kg1 Bxa1 26. Rxa1 gxf5 27. Qb3 Qxb3 28. axb3 Rd3 29. Rb1 Nb4 30. Kf1 Nd5 31. Ke2 Rxe3+ 0-1

[Event "Tres Cantos op 9th"]
[Site "Tres Cantos"]
[Date "2017.06.22"]
[Round "1"]
[White "Estevez Sacristan, Deva"]
[Black "Roa Alonso, Santiago"]
[Result "0-1"]
[WhiteElo "1686"]
[BlackElo "2340"]
[PlyCount "100"]
[EventDate "2017.06.22"]
[EventType "swiss"]
[EventRounds "9"]
[EventCountry "ESP"]
[SourceTitle "EXT 2019"]
[Source "ChessBase"]
[SourceDate "2018.10.10"]
[SourceVersion "1"]
[SourceVersionDate "2018.10.10"]
[SourceQuality "1"]

1. e4 e5 2. Nf3 Nc6 3. d4 exd4 4. Nxd4 Bb4+ 5. c3 Be7 6. Bc4 Nf6 7. Nf5 0-0 8. Qf3 d5 9. Bxd5 Nxd5 10. exd5 Ne5 11. Qg3 Bxf5 12. Qxe5 Bd3 13. Qd4 Ba6 14. Be3 Bf6 15. Qd2 Qd7 16. Na3 Qg4 17. h3 Qxg2 18. 0-0-0 Rad8 19. c4 Rfe8 20. h4 Qe4 21. Bd4 Bxd4 22. Qxd4 Qxd4 23. Rxd4 Re2 24. Rf4 g6 25. Rd1 Kg7 26. Rd2 Re5 27. Nc2 b6 28. Nb4 Bb7 29. Nd3 Ree8 30. Nb4 Re1+ 31. Kc2 a5 32. Nd3 Re7 33. f3 c6 34. Re4 Rc7 35. dxc6 Bxc6 36. Rf4 Rcd7 37. Rd1 Re8 38. Kc3 Re3 39. Rd4 Rxf3 40. Rxd7 Bxd7 41. Kd4 Rh3 42. Ne5 Rxh4+ 43. Kd5 Be6+ 44. Kc6 Bxc4 45. Kxb6 Bxa2 46. Ra1 Rb4+ 47. Kxa5 Rxb2 48. Rf1 Be6 49. Ka4 h5 50. Ka3 Rb5 0-1

[Event "Madrid-chT 1516"]
[Site "Madrid"]
[Date "2016.02.14"]
[Round "10.31"]
[White "Aranda Marin, Cristian"]
[Black "Roa Alonso, Santiago"]
[Result "1-0"]
[WhiteElo "2352"]
[BlackElo "2380"]
[PlyCount "48"]
[EventDate "2015.11.22"]
[EventType "team-tourn"]
[EventRounds "14"]
[EventCountry "ESP"]
[SourceTitle "EXT 2017"]
[Source "ChessBase"]
[SourceDate "2016.10.25"]
[SourceVersion "1"]
[SourceVersionDate "2016.10.25"]
[SourceQuality "1"]
[WhiteTeam "San Fernando de Henares"]
[BlackTeam "Vallecas CDV"]
[WhiteTeamCountry "ESP"]
[BlackTeamCountry "ESP"]

1. d4 d5 2. c4 e6 3. Nf3 Nf6 4. g3 Bb4+ 5. Bd2 Be7 6. Qc2 0-0 7. Bg2 c6 8. 0-0 Nbd7 9. Rd1 b6 10. Bf4 Ba6 11. Nbd2 Nh5 12. Ne5 Nxf4 13. gxf4 Nxe5 14. dxe5 Bb4 15. Qa4 Bxd2 16. Rxd2 Bxc4 17. Qxc6 Qh4 18. e3 Rfc8 19. Qa4 a5 20. Rc1 Bxa2 21. Rxc8+ Rxc8 22. Rc2 Bc4 23. b3 Qh5 24. Rc1 g5 1-0

[Event "Madrid-chT 1516"]
[Site "Madrid"]
[Date "2016.02.07"]
[Round "9.11"]
[White "Roa Alonso, Santiago"]
[Black "Candela Perez, Jose"]
[Result "0-1"]
[WhiteElo "2380"]
[BlackElo "2412"]
[PlyCount "84"]
[EventDate "2015.11.22"]
[EventType "team-tourn"]
[EventRounds "14"]
[EventCountry "ESP"]
[SourceTitle "EXT 2017"]
[Source "ChessBase"]
[SourceDate "2016.10.25"]
[SourceVersion "1"]
[SourceVersionDate "2016.10.25"]
[SourceQuality "1"]
[WhiteTeam "Vallecas CDV"]
[BlackTeam "La Casa del Ajedrez"]
[WhiteTeamCountry "ESP"]
[BlackTeamCountry "ESP"]

1. d4 d5 2. c4 e6 3. Nf3 c6 4. Qc2 dxc4 5. Qxc4 Nf6 6. Bg5 b5 7. Qb3 Bb7 8. Nc3 Nbd7 9. e3 a6 10. Be2 c5 11. 0-0 Be7 12. Bxf6 Bxf6 13. dxc5 Qe7 14. Rac1 Nxc5 15. Qb4 Rc8 16. Nxb5 axb5 17. Qxb5+ Kf8 18. b4 Ne4 19. Rxc8+ Bxc8 20. Rc1 Qd7 21. Qc4 Bb7 22. Qc7 Qxc7 23. Rxc7 Nd6 24. Rd7 Be7 25. Nd4 Ke8 26. Rc7 Kd8 27. Nb5 Rf8 28. a4 Bc8 29. Rc5 Nxb5 30. Rxb5 Bd7 31. Rb7 Bc6 32. Rb6 Kc7 33. a5 Rb8 34. Rxb8 Kxb8 35. b5 Bd5 36. Kf1 Bb4 37. a6 Ka7 38. f3 Bc5 39. e4 Bb3 40. g3 Kb6 41. Kg2 Ba4 42. f4 Ka5 0-1

[Event "San Sebastian de los Reyes op 17th"]
[Site "San Sebastian"]
[Date "2015.12.08"]
[Round "9"]
[White "Roa Alonso, Santiago"]
[Black "Perez Mitjans, Orelvis"]
[Result "0-1"]
[WhiteElo "2380"]
[BlackElo "2478"]
[PlyCount "60"]
[EventDate "2015.11.30"]
[EventType "swiss"]
[EventRounds "9"]
[EventCountry "ESP"]
[SourceTitle "CBM 170 Extra"]
[Source "ChessBase"]
[SourceDate "2016.02.25"]
[SourceVersion "1"]
[SourceVersionDate "2016.02.25"]
[SourceQuality "1"]

1. e4 e6 2. d4 d5 3. e5 c5 4. c3 Nc6 5. Nf3 Qb6 6. a3 c4 7. g3 Bd7 8. Nbd2 Na5 9. Bh3 Ne7 10. Nh4 0-0-0 11. f4 Kb8 12. 0-0 g6 13. a4 Nc8 14. Ng2 Qc7 15. Ne3 h5 16. Bg2 Nb6 17. Rf3 Bc6 18. h3 Qd7 19. Qf1 Bxa4 20. f5 gxf5 21. g4 hxg4 22. hxg4 Bh6 23. gxf5 Rdg8 24. Qf2 Qd8 25. fxe6 fxe6 26. Rf6 Bg5 27. Rxe6 Bxe3 28. Qxe3 Qh4 29. Qf3 Qh1+ 30. Kf2 Rh2 0-1

[Event "Madrid-chT 1516"]
[Site "Madrid"]
[Date "2015.11.22"]
[Round "1.21"]
[White "Roa Alonso, Santiago"]
[Black "Perez Mitjans, Orelvis"]
[Result "1-0"]
[WhiteElo "2380"]
[BlackElo "2478"]
[PlyCount "73"]
[EventDate "2015.11.22"]
[EventType "team-tourn"]
[EventRounds "14"]
[EventCountry "ESP"]
[SourceTitle "EXT 2017"]
[Source "ChessBase"]
[SourceDate "2016.10.25"]
[SourceVersion "1"]
[SourceVersionDate "2016.10.25"]
[SourceQuality "1"]
[WhiteTeam "Vallecas CDV"]
[BlackTeam "Villalba 64"]
[WhiteTeamCountry "ESP"]
[BlackTeamCountry "ESP"]

1. d4 Nf6 2. c4 c5 3. d5 e6 4. Nc3 exd5 5. cxd5 g6 6. e4 d6 7. f4 Bg7 8. Bb5+ Nfd7 9. a4 0-0 10. Nf3 Na6 11. 0-0 Nb4 12. Re1 a6 13. Bf1 Re8 14. Be3 Nf6 15. Bf2 Nh5 16. Bh4 Bf6 17. Bxf6 Qxf6 18. e5 Qxf4 19. Re4 Qh6 20. Rh4 dxe5 21. Ne4 Qg7 22. Nxc5 a5 23. d6 Bf5 24. d7 Red8 25. g4 e4 26. gxf5 exf3 27. Qxf3 Qe5 28. Rc1 Nf6 29. Bb5 g5 30. Rhc4 g4 31. Qc3 Qd6 32. Nxb7 Qb6+ 33. Qd4 Qxb7 34. Qxf6 Qa7+ 35. Kf1 h5 36. Qg5+ Kf8 37. f6 1-0

[Event "Madrid Oliver Gonzalez Memorial 4th"]
[Site "Madrid"]
[Date "2015.10.16"]
[Round "7"]
[White "Roa Alonso, Santiago"]
[Black "Hovhannisyan, Robert"]
[Result "0-1"]
[WhiteElo "2382"]
[BlackElo "2630"]
[PlyCount "52"]
[EventDate "2015.10.10"]
[EventType "swiss"]
[EventRounds "9"]
[EventCountry "ESP"]
[SourceTitle "CBM 168 Extra"]
[Source "ChessBase"]
[SourceDate "2015.10.29"]
[SourceVersion "1"]
[SourceVersionDate "2015.10.29"]
[SourceQuality "1"]

1. Nf3 d5 2. g3 Bg4 3. Bg2 c6 4. d3 Nd7 5. Nbd2 e6 6. 0-0 Bd6 7. b3 Ngf6 8. Bb2 0-0 9. c4 Qe7 10. a3 a5 11. Re1 Rfe8 12. Qb1 e5 13. cxd5 cxd5 14. e4 d4 15. Nh4 g6 16. h3 Be6 17. Nhf3 Nh5 18. Nc4 Nc5 19. b4 Nb3 20. Nxa5 Nxa1 21. Bxa1 Qd7 22. Ng5 b6 23. Nxe6 bxa5 24. Nc5 Qb5 25. Rc1 Rec8 26. Rc4 Rxc5 0-1

[Event "Madrid Oliver Gonzalez Memorial 4th"]
[Site "Madrid"]
[Date "2015.10.13"]
[Round "4"]
[White "Roa Alonso, Santiago"]
[Black "Prosviriakov, Vladimir"]
[Result "1-0"]
[WhiteElo "2382"]
[BlackElo "2234"]
[PlyCount "85"]
[EventDate "2015.10.10"]
[EventType "swiss"]
[EventRounds "9"]
[EventCountry "ESP"]
[SourceTitle "CBM 168 Extra"]
[Source "ChessBase"]
[SourceDate "2015.10.29"]
[SourceVersion "1"]
[SourceVersionDate "2015.10.29"]
[SourceQuality "1"]

1. e4 e5 2. Nc3 Nf6 3. f4 d5 4. fxe5 Nxe4 5. Nf3 Be7 6. d3 Nxc3 7. bxc3 0-0 8. d4 f6 9. Bd3 fxe5 10. Nxe5 Qe8 11. Rf1 Bh4+ 12. g3 Bf6 13. Ba3 Bh3 14. Bxf8 Bxe5 15. dxe5 Bxf1 16. Kxf1 Qxf8+ 17. Kg2 Nc6 18. Rb1 Rb8 19. Be2 Ne7 20. Qd4 Qf5 21. Bd3 Qg5 22. Rf1 c5 23. Qxc5 Qxe5 24. Qxa7 Nc6 25. Qf2 Qe6 26. Qf5 Qxf5 27. Bxf5 Re8 28. Rd1 g6 29. Bd3 Ra8 30. c4 d4 31. c5 Kg7 32. Rb1 Ra7 33. Kf3 Kf6 34. Ke4 Ke6 35. Bc4+ Ke7 36. Rf1 Ra3 37. Bb3 Ke8 38. Kd5 Ra8 39. Kd6 Rd8+ 40. Kc7 Rd7+ 41. Kb6 Re7 42. Ba4 Re2 43. Kxb7 1-0

[Event "Madrid Oliver Gonzalez Memorial 4th"]
[Site "Madrid"]
[Date "2015.10.10"]
[Round "1"]
[White "Roa Alonso, Santiago"]
[Black "Beyerholm, Arne"]
[Result "1-0"]
[WhiteElo "2382"]
[BlackElo "2046"]
[PlyCount "62"]
[EventDate "2015.10.10"]
[EventType "swiss"]
[EventRounds "9"]
[EventCountry "ESP"]
[SourceTitle "CBM 168 Extra"]
[Source "ChessBase"]
[SourceDate "2015.10.29"]
[SourceVersion "1"]
[SourceVersionDate "2015.10.29"]
[SourceQuality "1"]

1. e4 c6 2. c4 d5 3. exd5 cxd5 4. cxd5 Nf6 5. Nc3 Nxd5 6. Nf3 Nc6 7. Bb5 Nxc3 8. bxc3 e6 9. 0-0 Bd7 10. d4 Be7 11. Bd3 0-0 12. Rb1 b6 13. Qe2 g6 14. Bf4 Bc8 15. h4 Bb7 16. Ng5 Bf6 17. Ne4 Be7 18. h5 Re8 19. Qe3 Na5 20. Qg3 Rc8 21. hxg6 hxg6 22. Ng5 Bf6 23. Nxf7 Kxf7 24. Qxg6+ Kf8 25. Bh6+ Ke7 26. Qh7+ Kd6 27. Bf4+ e5 28. dxe5+ Bxe5 29. Rfd1 Bd5 30. Be4 Rc5 31. Bxd5 Qe7 1-0

[Event "Madrid Chamartin op 4th"]
[Site "Madrid"]
[Date "2015.09.12"]
[Round "9"]
[White "Roa Alonso, Santiago"]
[Black "Vazquez Igarza, Renier"]
[Result "0-1"]
[WhiteElo "2383"]
[BlackElo "2560"]
[PlyCount "122"]
[EventDate "2015.09.06"]
[EventType "swiss"]
[EventRounds "9"]
[EventCountry "ESP"]
[SourceTitle "EXT 2016"]
[Source "ChessBase"]
[SourceDate "2015.10.08"]
[SourceVersion "1"]
[SourceVersionDate "2015.10.08"]
[SourceQuality "1"]

1. d4 Nf6 2. c4 e6 3. Nf3 b6 4. g3 Ba6 5. Qa4 Bb7 6. Bg2 Be7 7. 0-0 0-0 8. Nc3 Ne4 9. Nxe4 Bxe4 10. Be3 d6 11. Rfd1 Bf6 12. Rac1 Qe7 13. Rd2 a6 14. Ne1 Bxg2 15. Nxg2 Qd7 16. Qc2 Nc6 17. d5 Nb4 18. Qb3 a5 19. dxe6 fxe6 20. Nf4 Be5 21. a3 Bxf4 22. Bxf4 Na6 23. Qc2 Qc6 24. b3 Nc5 25. b4 axb4 26. axb4 Ne4 27. Rd4 Nxf2 28. Kxf2 e5 29. Qe4 Qa4 30. Qd5+ Kh8 31. Re4 Qxb4 32. Kg2 exf4 33. Rf1 Qc5 34. Rfxf4 Qxd5 35. cxd5 Rfe8 36. Rxe8+ Rxe8 37. Rf7 Kg8 38. Rxc7 Rxe2+ 39. Kf3 Rxh2 40. Rc6 Rh6 41. Rxb6 Rf6+ 42. Kg4 Kf7 43. Rb7+ Kg6 44. Rd7 h5+ 45. Kh3 Kh6 46. g4 g6 47. gxh5 Kxh5 48. Rd8 Kg5 49. Kg3 Kf5 50. Re8 g5 51. Re7 Rh6 52. Re8 g4 53. Rf8+ Ke4 54. Rf4+ Kxd5 55. Kxg4 Re6 56. Kg3 Kc5 57. Ra4 d5 58. Ra1 d4 59. Kf2 Kb4 60. Rc1 Kb3 61. Ra1 d3 0-1

[Event "Madrid Chamartin op 4th"]
[Site "Madrid"]
[Date "2015.09.10"]
[Round "6"]
[White "Roa Alonso, Santiago"]
[Black "Andalon Gomez, Carlos Jesus"]
[Result "1-0"]
[WhiteElo "2383"]
[BlackElo "1950"]
[PlyCount "77"]
[EventDate "2015.09.06"]
[EventType "swiss"]
[EventRounds "9"]
[EventCountry "ESP"]
[SourceTitle "EXT 2016"]
[Source "ChessBase"]
[SourceDate "2015.10.08"]
[SourceVersion "1"]
[SourceVersionDate "2015.10.08"]
[SourceQuality "1"]

1. d4 d5 2. c4 e6 3. Nc3 Nf6 4. Bg5 Be7 5. e3 0-0 6. Nf3 h6 7. Bh4 c6 8. Qc2 Nbd7 9. 0-0-0 Re8 10. Rg1 Qa5 11. Nd2 dxc4 12. Nxc4 Qd8 13. e4 b5 14. Ne3 Bb7 15. e5 Nd5 16. Bxe7 Qxe7 17. Ncxd5 cxd5 18. Kb1 Rec8 19. Qd2 b4 20. Bd3 Nb6 21. Rc1 a5 22. f4 Ba6 23. Rxc8+ Nxc8 24. Bxa6 Rxa6 25. Rc1 Na7 26. Rc5 Qh4 27. g3 Qe7 28. Qc2 Qd7 29. f5 Rc6 30. Qa4 Qc7 31. Qxa5 Rxc5 32. Qxc5 Qxc5 33. dxc5 Nc6 34. fxe6 fxe6 35. Kc2 Nxe5 36. Kb3 Nd3 37. c6 Kf7 38. c7 Nc5+ 39. Kc2 1-0

[Event "Madrid Chamartin op 4th"]
[Site "Madrid"]
[Date "2015.09.08"]
[Round "4"]
[White "Roa Alonso, Santiago"]
[Black "Fernandez Lledo, Javier"]
[Result "1/2-1/2"]
[WhiteElo "2383"]
[BlackElo "2286"]
[PlyCount "63"]
[EventDate "2015.09.06"]
[EventType "swiss"]
[EventRounds "9"]
[EventCountry "ESP"]
[SourceTitle "EXT 2016"]
[Source "ChessBase"]
[SourceDate "2015.10.08"]
[SourceVersion "1"]
[SourceVersionDate "2015.10.08"]
[SourceQuality "1"]

1. e4 c5 2. Nf3 Nc6 3. d4 cxd4 4. Nxd4 g6 5. Nc3 Bg7 6. Nb3 Nf6 7. Be2 0-0 8. 0-0 d6 9. Re1 a6 10. Bf1 b5 11. a4 b4 12. Nd5 Nd7 13. Ra2 Rb8 14. Bg5 h6 15. Bh4 g5 16. Bg3 Nde5 17. f3 e6 18. Ne3 Qe7 19. Re2 Bb7 20. Rd2 Rfd8 21. c3 bxc3 22. bxc3 Ba8 23. Nd4 Nxd4 24. cxd4 Nc6 25. Bf2 Nb4 26. Rab2 Rdc8 27. Nc2 a5 28. Bb5 d5 29. e5 Bc6 30. Na3 Qd7 31. h4 f5 32. hxg5 1/2-1/2

[Event "San Sebastian de los Reyes op 16th"]
[Site "San Sebastian"]
[Date "2014.12.05"]
[Round "6"]
[White "Quevedo Marin, Manuel"]
[Black "Roa Alonso, Santiago"]
[Result "1/2-1/2"]
[WhiteElo "2192"]
[BlackElo "2387"]
[PlyCount "31"]
[EventDate "2014.11.30"]
[EventType "swiss"]
[EventRounds "9"]
[EventCountry "ESP"]
[SourceTitle "CBM 163 Extra"]
[Source "ChessBase"]
[SourceDate "2014.12.23"]
[SourceVersion "1"]
[SourceVersionDate "2014.12.23"]
[SourceQuality "1"]

1. e4 d6 2. d4 Nf6 3. Nc3 g6 4. Nf3 Bg7 5. Be2 0-0 6. 0-0 c6 7. a4 Nbd7 8. a5 Qc7 9. Be3 Rd8 10. Re1 Rb8 11. Nd2 d5 12. e5 Ne8 13. f4 Nf8 14. Bd3 f6 15. Qf3 Be6 16. Bf2 1/2-1/2

[Event "San Sebastian de los Reyes op 16th"]
[Site "San Sebastian"]
[Date "2014.12.04"]
[Round "5"]
[White "Roa Alonso, Santiago"]
[Black "Hernando Pertierra, Jose Carlos"]
[Result "1/2-1/2"]
[WhiteElo "2387"]
[BlackElo "2382"]
[PlyCount "86"]
[EventDate "2014.11.30"]
[EventType "swiss"]
[EventRounds "9"]
[EventCountry "ESP"]
[SourceTitle "CBM 163 Extra"]
[Source "ChessBase"]
[SourceDate "2014.12.23"]
[SourceVersion "1"]
[SourceVersionDate "2014.12.23"]
[SourceQuality "1"]

1. e4 c5 2. Nf3 b6 3. d4 cxd4 4. Nxd4 Bb7 5. Nc3 Nc6 6. Be3 Nxd4 7. Qxd4 e6 8. Bc4 Rc8 9. Bb3 Nf6 10. Qa4 Ng4 11. Qxa7 Nxe3 12. Qxb7 Nxg2+ 13. Kf1 Rc7 14. Qa6 Nf4 15. Rg1 Bc5 16. Rg4 Qf6 17. e5 Qf5 18. Qa8+ Ke7 19. Qf3 g5 20. h4 h6 21. Nb5 Rc6 22. Na7 Rc7 23. Nb5 Rcc8 24. Re1 Rhg8 25. a3 Nd3 26. Qxf5 exf5 27. cxd3 fxg4 28. d4 gxh4 29. dxc5 Rxc5 30. Nd6 g3 31. Nf5+ Kf8 32. Nxh4 Rg4 33. Ng2 gxf2 34. Re2 Rg3 35. Bd1 Rd3 36. Bc2 Rdd5 37. Rxf2 Rxe5 38. Nf4 Re3 39. Ng6+ Ke8 40. Nh4 Ree5 41. Nf3 Re3 42. Nd4 Ree5 43. Nf3 Re3 1/2-1/2

[Event "San Sebastian de los Reyes op 16th"]
[Site "San Sebastian"]
[Date "2014.12.01"]
[Round "2"]
[White "De la Orden Alcocer, Alejandro"]
[Black "Roa Alonso, Santiago"]
[Result "0-1"]
[WhiteElo "1959"]
[BlackElo "2387"]
[PlyCount "62"]
[EventDate "2014.11.30"]
[EventType "swiss"]
[EventRounds "9"]
[EventCountry "ESP"]
[SourceTitle "CBM 163 Extra"]
[Source "ChessBase"]
[SourceDate "2014.12.23"]
[SourceVersion "1"]
[SourceVersionDate "2014.12.23"]
[SourceQuality "1"]

1. c4 e5 2. g3 Nc6 3. Bg2 f5 4. d3 Nf6 5. Nc3 Bb4 6. Bd2 0-0 7. a3 Bxc3 8. Bxc3 d6 9. Nf3 Qe8 10. Qd2 Bd7 11. b4 Nd8 12. 0-0 a6 13. Qc2 Ba4 14. Qa2 Kh8 15. c5 Bc6 16. cxd6 cxd6 17. Qd2 Ne6 18. Rac1 Qh5 19. Rfe1 f4 20. Qd1 fxg3 21. hxg3 Ng4 22. e4 Rxf3 23. Qxf3 Rf8 24. Qe2 Qh2+ 25. Kf1 Qxg3 26. Rc2 Bb5 27. Kg1 Qh2+ 28. Kf1 Rxf2+ 29. Qxf2 Bxd3+ 30. Qe2 Qg3 31. Bxe5 Qf2# 0-1